Trendy vývoja ruskej ekonomiky

Guardado en:
Detalles Bibliográficos
Autor principal: Bikár, Miloš, 1973-
Formato: Capítulo de libro
Lenguaje:inglés
Etiquetas: Agregar Etiqueta
Sin Etiquetas, Sea el primero en etiquetar este registro!

MARC

LEADER 00000nla a2200000 4500
001 0180399
005 20240502073055.1
041 0 |a eng 
044 |a SK 
245 1 0 |a Trendy vývoja ruskej ekonomiky  |c Miloš Bikár 
100 1 |a Bikár, Miloš, 1973-